000 02007nam a22001577a 4500
041 _aukr
080 _a09
090 _bПОЛ
100 _aПолюхович Л. В.
245 _aЗасоби невербальної комунікації у вивченні іноземної мови
260 _aОстрог
_bКАФ
_c2013
300 _a79
520 _aВступ Розділ 1. Невербальне спілкування і його роль у комунікації 1.1. Невербальні компоненти комунікації. Мімічні ознаки емоційних станів 1.2. Жести. Основні комунікаційні жести та їх походження 1.3. Зони та території 1.4. Етикет невербального спілкування Розділ 2. Навчання невербальним засобам комунікації у процесі вивчення іноземної мови 2.1. Особливості особистих і робочих відносин в українській та англійських культурах 2.2. Жести в англійській традиції спілкування, і жести, які відсутні в комунікативній поведінці носіїв української мови 2.3. Принципи навчання невербальним засобам комунікації 2.4. Комплекс вправ з навчання розуміння та застосування невербальних засобів комунікакації Розділ 3. 3.1. Безпека при експлуатації компресорних установок 3.2. Безпека при експлуатації трубопроводів Висновок Список використаної літератури
_0комунікація, невербальні засоби
650 _aResearch Papers
999 _c285321
_d285321
942 _cBK